000 01016nam a2200301 a 4500
001 000114048
003 CHAP
005 20220329144424.0
008 171024s2017 mx a |r ||||||spa d
010 _a110509
011 _a111481
020 _a9786077668978
040 _cCHAP
082 0 4 _a635.30972
_bC75
245 0 0 _aConservación y aprovechamiento sostenible de especies vegetales tradicionales de México /
_cpor Gustavo Solís Aguilar ...[et al.].
260 _aCiudad de México :
_bServicio Nacional de Inspección y Certificación de Semillas
_bUACH,
_c2017.
300 _a93 p. :
_bil.
590 _aBATCH-UPD
_b05
_c20171024
_lUCH01
_h0851
590 _aE11695DGD
_b10
_c20171105
_lUCH01
_h1249
590 _aE5765TAJ
_b05
_c20171024
_lUCH01
_h0851
650 1 4 _aCultivos alimenticios
_zMéxico.
_9133889
650 1 4 _aHortalizas
_zMéxico.
_9133888
650 1 4 _aPlantas comestibles
_xMéxico.
_988915
700 1 _aSolís Aguilar, Gustavo
_9133890
901 _aBK
942 _cLIBRO
942 _n0
999 _c110509
_d110509